Gran Premi del Campionato mondiale di Formula 1 2022 - Statistics

Statistiche generali
  • Questo quiz è stato fatto 8 volte
  • Il punteggio medio è 17 su 22
Statistiche sulle risposte
Data Gran Premio % Corretto
10 aprile Gran Premio d'Australia
100%
10 luglio Gran Premio d'Austria
100%
24 luglio Gran Premio di Francia
100%
22 maggio Gran Premio di Spagna
100%
11 settembre Gran Premio d'Italia
100%
27 marzo Gran Premio d'Arabia Saudita
86%
12 giugno Gran Premio d'Azerbaigian
86%
28 agosto Gran Premio del Belgio
86%
19 giugno Gran Premio del Canada
86%
29 maggio Gran Premio di Monaco
86%
2 ottobre Gran Premio di Singapore
86%
4 settembre Gran Premio d'Olanda
86%
23 ottobre Gran Premio degli Stati Uniti
71%
24 aprile Gran Premio d'ell'Emilia-Romagna
71%
20 novembre Gran Premio di Abu Dhabi
71%
30 ottobre Gran Premio di Città del Messico
71%
3 luglio Gran Premio di Gran Bretagna
71%
13 novembre Gran Premio di San Paolo
71%
8 maggio Gran Premio d Miami
71%
31 luglio Gran Premio d'Ungheria
71%
20 marzo Gran Premio del Bahrein
57%
9 ottobre Gran Premio del Giappone
0%
Nessun quiz corrispondente trovato
Distribuzione punteggi
Percentuale di utenti per punteggio
Percentile per numero di risposta
I tuoi punteggi nel tempo
Non hai fatto questo quiz